5HLuxD.jpg

KING HENRY VIII SENIOR AND PRIMARY SCHOOL LIBRARY OPAC

A faraway Tree Adventure The Land of Goodies (Record no. 5981)

000 -LEADER
fixed length control field 00923nam a22002177a 4500
005 - DATE AND TIME OF LATEST TRANSACTION
control field 20260108112549.0
008 - FIXED-LENGTH DATA ELEMENTS--GENERAL INFORMATION
fixed length control field 260108b ||||| |||| 00| 0 eng d
020 ## - INTERNATIONAL STANDARD BOOK NUMBER
International Standard Book Number 9781444959840
040 ## - CATALOGING SOURCE
Transcribing agency KH8
082 ## - DEWEY DECIMAL CLASSIFICATION NUMBER
Classification number 823.912 BLY
100 ## - MAIN ENTRY--PERSONAL NAME
Personal name BLYTON,ENID
Relator term AUTHOR
245 ## - TITLE STATEMENT
Title A faraway Tree Adventure The Land of Goodies
260 ## - PUBLICATION, DISTRIBUTION, ETC.
Place of publication, distribution, etc. Carmelite House,50 Victoria Embankment,London EC4Y 0DZ
Name of publisher, distributor, etc. Hodder & Stoughton Limited
Date of publication, distribution, etc. 2021
300 ## - PHYSICAL DESCRIPTION
Extent 74 pages
Other physical details Colour illustration
Dimensions 13cm x 20cm
520 ## - SUMMARY, ETC.
Summary, etc. A classic short tale from Enid Blyton's magical Faraway Tree series with exciting new full-colour illustrations from Alex Paterson - perfect for new readers! The Land of Goodies has come to the top of the Faraway Tree, and it is the tastiest place that Joe, Beth, Frannie and Rick have ever been.
650 ## - SUBJECT ADDED ENTRY--TOPICAL TERM
Topical term or geographic name entry element Juvenile Literature
655 ## - INDEX TERM--GENRE/FORM
Genre/form data or focus term Classics
655 ## - INDEX TERM--GENRE/FORM
Genre/form data or focus term Action
655 ## - INDEX TERM--GENRE/FORM
Genre/form data or focus term Adventure
942 ## - ADDED ENTRY ELEMENTS (KOHA)
Source of classification or shelving scheme
Koha item type Books - Fiction
Holdings
Withdrawn status Lost status Source of classification or shelving scheme Damaged status Not for loan Collection code Permanent Location Current Location Shelving location Date acquired Total Checkouts Full call number Barcode Date due Date last seen Date last checked out Price effective from Koha item type Public note
          Fiction KH8 Primary School Library KH8 Primary School Library Fiction 2026-01-08 4 823.912 BLY KHPL000008049 2026-04-21 2026-04-13 2026-04-13 2026-01-08 Books - Fiction PRIMARY LIBRARY

Powered By KH8 IT Dept